000 01287nam a2200289Ia 4500
003 OSt
005 20221005105904.0
006 a|||||r|||| 00| 0
007 ta
008 ORI
020 _a8172013469 (hbk)
_c600
024 _a92167
037 _b522, 19/03/2009, Vani Prakashan
_cTextual
040 _aCRL
_cCRL
_bORI
041 _2ORI
_aORI
082 _aO1591,3NMAx, 152N2
100 _aसाहू, महापात्र नीलमणि
245 0 _aअभिशप्त गंधर्व
246 _aAbhishapta gandharva
260 _aनई दिल्ली
_bसाहित्य अकादेमी भारत
_c1992
300 _a260पृ0
_ccm.
490 _aसाहित्य अकादेमी द्वारा पुरस्कृत ओड़िया कहानियॉं
650 _aउड़िया साहित्य
700 _a माहापात्र, सिद्धार्थ मानसिंह, अनु.
_9623977
942 _hO1591,3NMAx, 152N2
_cTEXL
_2cc
999 _c1017204
_d1017204